Top 20 youtubeurs francophones - Statistiques

Statistiques générales
  • Ce quiz a été pris 554 fois
  • Le résultat moyen est 10 sur 20
Statistiques - réponses
Nombre d'abonnés Nom du youtubeur % Correct
18,8 millions Squeezie
99%
7,36 millions Inoxtag
89%
14,5 millions Cyprien
88%
9,48 millions Michou
88%
16,4 millions Tibo Inshape
85%
5,96 millions Mastu
74%
8,44 millions Amixem
69%
6,1 millions Joyca
68%
7,31 millions Mcfly et Carlito
61%
5,16 millions Natoo
61%
6,31 millions Mister V
35%
9,63 millions Lama Faché
33%
5,51 millions Seb
28%
6,48 millions Swan et Néo
23%
7,4 millions Remi Gaillard
15%
5,5 millions Kevin Tran
13%
5,21 millions Fastgoodcuisine
10%
4,96 millions Cyrilmp4
9%
5,6 millions Furious Jumper
8%
4,86 millions Ibra TV
8%
Aucun quiz correspondant
Distribution des résultats
% des personnes avec chaque résultat
Percentile par nombre de réponses
Votre historique - résultats
Vous n’avez pas pris ce quiz